00000000nam##2200000za#4500
0019.573839
003CaOODSP
00520210624183907
007cr |||||||||||
008150406|1992||||xxc|||||o    f|0| 0 eng|d
022 |a1488-5379
040 |aCaOODSP|beng
043 |an-cn---
0861 |aFs97-6/1873E-PDF
1101 |aCanada. |bDepartment of Fisheries and Oceans. |bCentral and Arctic Region.
24510|aInfectious pancreatic necrosis virus in Atlantic salmon (Salmo salar) and brook trout (Salvelinus fontinalis) in central Newfoundland / |h[electronic resource]|cby B.W. Souter, A.G. Dwilow and K. Knight.
260 |aWinnipeg - Manitoba : |bFisheries and Oceans Canada. |c1992.
300 |a10p.|bmap, references, tables
4901 |aCanadian technical report of fisheries and aquatic sciences|x1488-5379|vNo. 1873
500 |aIncorrect catalogue number (Fs97/6-1873E) and ISSN (0706-6457) for the print edition copied in this electronic publication.
546 |a(Résumé en français)
590 |a12-22-Supp|b2012-05-24
7201 |aSouter, B. W.
7201 |aKnight, K.
7201 |aDwilow, A. G.
7760#|tInfectious pancreatic necrosis virus in Atlantic salmon (Salmo salar), and brook trout (Salvelinus fontinalis), in central Newfoundland / |w(CaOODSP)9.610340
830#0|aCanadian technical report of fisheries and aquatic sciences,|x1488-5379|vNo. 1873|w(CaOODSP)9.504449
85640|ahttp://publications.gc.ca|qPDF|s254 KB|uhttps://publications.gc.ca/collections/collection_2012/mpo-dfo/Fs97-6-1873-eng.pdf|yNo. 1873